If Tommorrow Comes (Record no. 368533)

MARC details
000 -LEADER
fixed length control field 00303nam a2200133Ia 4500
005 - DATE AND TIME OF LATEST TRANSACTION
control field 20251013221649.0
008 - FIXED-LENGTH DATA ELEMENTS--GENERAL INFORMATION
fixed length control field 251010s9999 xx 000 0 und d
041 ## - LANGUAGE CODE
Language code of text/sound track or separate title eng
100 ## - MAIN ENTRY--PERSONAL NAME
Personal name Sheldon, S.
9 (RLIN) 214254
245 ## - TITLE STATEMENT
Title If Tommorrow Comes
250 ## - EDITION STATEMENT
Edition statement 1ST
260 ## - PUBLICATION, DISTRIBUTION, ETC. (IMPRINT)
Name of publisher, distributor, etc. Rupa & Co.
Date of publication, distribution, etc. 1985
300 ## - PHYSICAL DESCRIPTION
Extent 384
Holdings
Withdrawn status Lost status Damaged status Not for loan Home library Current library Date acquired Cost, normal purchase price Total Checkouts Barcode Date last seen Bill Date Koha item type Original Barcode
        Shri Siddhivinayak Mahila Mahavidyalaya Shri Siddhivinayak Mahila Mahavidyalaya 10/05/2014 30.00   SSMM-ABK-010000537 13/10/2025 22/02/1995 Books ABK010000537